000 00359nam a22000977a 4500
100 _aखाण्‍डेकर,सुधीर
_980590
245 _aयोगासन से कायाकल्‍प
260 _aपिलानी
_bश्‍वेता मल्‍टी‍मीडिया
_c2018
650 _aमेडिकल
_980591
942 _cHIN
999 _c63907
_d63907